00654nam a2200193 a 450000100060000000300080000600500170001400800410003102000160007203500190008804000350010704100080014208200280015010000180017824501490019626000360034530000240038165000550040512393BD-RjUL20211208235302.0190306s1962 ii b 00| 0 eng  c: IRs. 0.25 a(BD-RjUL)12442 aBD-RjULcBD-RjULdBD-RjULbeng aeng00a345.02322223bBAU 19621 aBagga, S. N. 10aThe Untouchability Offences Act (Act No. 22 of 1955):b(As amended up to date) with history of Amendments and short comments / /cby S. N. Bagga aAllahbad:bLaw Book Co. ,c1962 a[2], 8 p. ;c24 cm. aUntouchability Offences Act vHistoryzIndiay1955